000 00891nam a2200181Ia 4500
008 151202s9999||||xx |||||||||||||| ||und||
082 _bPNVM-67523
100 _aछाजेड बिमल / अनु. देशपांडे रेणुकादास.
245 _aस्ट्रेस मॅनेजमेंट गाइड.
260 _b"डायमंड पॉकेट बुक्स प्रा. लि. , दिल्ली."
260 _c67523
300 _a120
600 _aछाजेड बिमल / अनु. देशपांडे रेणुकादास.
630 _aस्ट्रेस मॅनेजमेंट गाइड.
700 _aछाजेड बिमल / अनु. देशपांडे रेणुकादास.
730 _aस्ट्रेस मॅनेजमेंट गाइड.
942 _cBOOK
999 _c1334052
_d1334049